Звичайний вигляд
Перегляд у МАРК
Входження „Corporate Name“
Кількість записів, які використовуються: 1
001 - CONTROL NUMBER
- control field: 25135
003 - CONTROL NUMBER IDENTIFIER
- control field: UA-OsUOA
005 - DATE AND TIME OF LATEST TRANSACTION
- control field: 20260429152701.0
008 - FIXED-LENGTH DATA ELEMENTS
- fixed length control field: 260429|| aca||aabn | a|a d
040 ## - CATALOGING SOURCE
- Original cataloging agency: UA-OsUOA
- Transcribing agency: UA-OsUOA
110 ## - HEADING--CORPORATE NAME
- Corporate name or jurisdiction name as entry element: Національна Академія наук України
- Subordinate unit: Інститут української археографії та джерелознавства імені М. С. Грушевського
- Subordinate unit: Національна бібліотека України імені В. І. Вернадського
670 ## - SOURCE DATA FOUND
- Source citation: Work cat.: (UA-OsUOA)580618: Шамрай М. 25134, Маргіналії в стародруках кириличного шрифту 15-17 ст. з фонду Національної бібліотеки України імені В. І. Вернадського, 2005